00664nas a2200217 a 4500001001000000003000400010005001700014008004100031040003300072041000800105043000900113245004000122260010100162300001700263310003400280362000900314650005700323651003400380942001500414999001700429000037005DLC20240917110911.0120208c19379999dr ur1pdd 0 0spa d aDO-SdBNPbspacDO-SdBNPerda hspa anwdr00aBoletín de relaciones exteriores. aCiudad Trujillo, República Dominicana :bSecretaria de Estado de Relaciones Exteriores,c1937. av. ;c28 cm. aVol. IIL Núm. 1, Enero 1937 a1937 0aRelaciones exterioreszRepública Dominicana963407 0aRepública Dominicana910483 2ddccISSUE c36495d36495